000 00597nam a22001937a 4500
005 20260204122728.0
010 _aENG-147745
020 _a9789360793289
_c995.00
035 _aEN-131277
037 _bDBAD
082 _a921
_21
100 _aSinha, R.N.
_987119
245 _aThe Great Feminist In 21st Century/
_cby R.N.Sinha
260 _aNaveen Shahdara
_bKeshav Books
_c2024
270 _aF-7, Gali No.1, 3rd Floor, Panchsheel Garden
_bDelhi
_e110032
_k09871603557
_mkeshavbooks30@gmail.com
300 _axi,247(p)
_c22cm(HB)
760 _b1
942 _2ddc
_cEN
_h921
_mSIN
999 _c214686
_d214686